All Noah Kahan Songs By Album - Statistics

General Stats
  • This quiz has been taken 210 times
    173 since last reset
  • The average score is 51 of 87
Answer Stats
Hint Answer % Correct
Stick Season (Forever) Stick Season
97%
The Great Divide: The Last of the Bugs The Great Divide
93%
The Great Divide: The Last of the Bugs Dan
90%
The Great Divide: The Last of the Bugs End of August
89%
The Great Divide: The Last of the Bugs Porch Light
89%
The Great Divide: The Last of the Bugs American Cars
87%
Cape Elizabeth Maine
87%
Stick Season (Forever) Orange Juice
87%
The Great Divide: The Last of the Bugs Orbiter
87%
The Great Divide: The Last of the Bugs Doors
86%
Stick Season (Forever) Strawberry Wine
82%
Stick Season (Forever) The View Between Villages
82%
The Great Divide: The Last of the Bugs Dashboard
80%
Stick Season (Forever) Northern Attitude
80%
Stick Season (Forever) Northern Attitude (Hozier)
80%
The Great Divide: The Last of the Bugs All Them Horses
77%
Stick Season (Forever) Call Your Mom
77%
Stick Season (Forever) Call Your Mom (Lizzy McAlpine)
77%
The Great Divide: The Last of the Bugs Deny Deny Deny
75%
Stick Season (Forever) Dial Drunk
75%
Stick Season (Forever) Dial Drunk (Post Malone)
75%
The Great Divide: The Last of the Bugs Haircut
73%
Stick Season (Forever) Paul Revere
73%
Busyhead Carlo's Song
72%
Stick Season (Forever) Everywhere, Everything
72%
Stick Season (Forever) Everywhere, Everything (Gracie Abrams)
72%
Stick Season (Forever) Paul Revere (Gregory Alan Isakov)
72%
Stick Season (Forever) She Calls Me Back
72%
Stick Season (Forever) She Calls Me Back (Kacey Musgraves)
72%
The Great Divide: The Last of the Bugs Staying Still
72%
Stick Season (Forever) All My Love
70%
Stick Season (Forever) Forever
70%
The Great Divide: The Last of the Bugs Willing and Able
70%
Stick Season (Forever) Homesick
69%
Stick Season (Forever) Homesick (Sam Fender)
69%
Stick Season (Forever) You're Gonna Go Far
69%
Stick Season (Forever) You're Gonna Go Far (Brandi Carlile)
69%
Busyhead Busyhead
66%
Stick Season (Forever) Halloween
66%
The Great Divide: The Last of the Bugs 23
65%
The Great Divide: The Last of the Bugs Downfall
65%
I Was / I Am Godlight
65%
Hurt Somebody Hurt Somebody
65%
Busyhead Hurt Somebody (Julia Michaels)
65%
Hurt Somebody Hurt Somebody (Julia Michaels)
65%
The Great Divide: The Last of the Bugs Lighthouse
65%
The Great Divide: The Last of the Bugs Headed North
62%
Stick Season (Forever) New Perspective
62%
The Great Divide: The Last of the Bugs Paid Time Off
62%
The Great Divide: The Last of the Bugs Spoiled
62%
Stick Season (Forever) Come Over
59%
Stick Season (Forever) Growing Sideways
59%
Busyhead False Confidence
58%
Busyhead Mess
58%
Stick Season (Forever) Your Needs, My Needs
58%
The Great Divide: The Last of the Bugs A Few of Your Own
56%
I Was / I Am Howling
54%
Stick Season (Forever) Still
52%
The Great Divide: The Last of the Bugs We Go Way Back
52%
Cape Elizabeth Glue Myself Shut
49%
Stick Season (Forever) No Complaints
46%
Busyhead Sink
42%
Cape Elizabeth A Troubled Mind
39%
Busyhead Tidal
39%
Busyhead Young Blood
39%
Stick Season (Forever) The View Between Villages (Extended)
37%
Busyhead Cynic
35%
I Was / I Am Hollow
35%
I Was / I Am Part of Me
35%
I Was / I Am Animal
32%
I Was / I Am Caves
32%
Cape Elizabeth Close Behind
32%
Cape Elizabeth Anyway
31%
I Was / I Am Fear of Water
31%
Busyhead Save Me
31%
Hurt Somebody Please
28%
Hurt Somebody Catastrophize
27%
Hurt Somebody Passenger
27%
I Was / I Am Bury Me
25%
I Was / I Am Someone Like You (Joy Oladokun)
25%
Single Fine
24%
I Was / I Am Bad Luck
23%
Single Pride
20%
Single Hold It Down
18%
Single Hallelujah
17%
Single Come Down
15%
Single Crazier Things
15%
No matching quizzes found
Score Distribution
Percent of People with Each Score
Percentile by Number Answered
Your Score History
You have not taken this quiz since the last reset